[Event "International Championship of Central Serbia 2015 - OPEN A"]
[Site "Paracin"]
[Date "2015.07.08"]
[Round "7.25"]
[White "Petrov, Martin"]
[Black "Scripcaru, George-Daniel"]
[Result "1/2-1/2"]
[WhiteElo "2276"]
[BlackElo "2115"]
[PlyCount "75"]
[EventDate "2015.07.03"]

1. e4 c5 2. Nf3 g6 3. d4 cxd4 4. Nxd4 Nc6 5. Nc3 Bg7 6. Be3 Nf6 7. Bc4 O-O 8.
Bb3 d6 9. f3 Nxd4 10. Bxd4 Qa5 11. Qd2 Be6 12. O-O-O Bxb3 13. cxb3 Rfc8 14. Kb1
Qd8 15. h4 Rc6 16. h5 Qf8 17. hxg6 fxg6 18. g4 Rac8 19. Qh2 h6 20. Rdg1 g5 21.
Rd1 a6 22. Rd2 e6 23. Rhd1 b5 24. a3 Qf7 25. Rd3 Qf8 26. Na2 a5 27. Be3 Ra8 28.
b4 a4 29. Bd4 Nd7 30. Nc3 Rb8 31. Ka1 Rb7 32. Qe2 Rc8 33. R1d2 Rcb8 34. Rc2 Qf4
35. Be3 Qf6 36. Bd4 Qf4 37. Be3 Qf6 38. Bd4 1/2-1/2

[Event "International Championship of Central Serbia 2015 - OPEN A"]
[Site "Paracin"]
[Date "2015.07.08"]
[Round "7.26"]
[White "Kinsiz, Onur"]
[Black "Milenkovic, Mladen"]
[Result "1-0"]
[WhiteElo "2253"]
[BlackElo "2344"]
[PlyCount "85"]
[EventDate "2015.07.03"]

1. e4 c5 2. Nf3 e6 3. g3 Nc6 4. Bg2 Nf6 5. Qe2 d6 6. O-O Be7 7. c3 e5 8. h3 O-O
9. d3 b6 10. Nbd2 Re8 11. Nc4 Ba6 12. Nh2 Rc8 13. Ng4 Nxg4 14. Qxg4 Bf6 15. Rd1
Ne7 16. Ne3 g6 17. Qf3 Kg7 18. Ng4 Ng8 19. Nxf6 Qxf6 20. Qe3 Qe7 21. a4 Bb7 22.
a5 b5 23. a6 Ba8 24. b4 cxb4 25. cxb4 f6 26. Ra2 Rc7 27. Rad2 Rec8 28. Bb2 Rc6
29. d4 exd4 30. Rxd4 Rxa6 31. f4 Rc2 32. R1d2 Rxd2 33. Qxd2 Qe6 34. g4 Rb6 35.
e5 Bxg2 36. Kxg2 fxe5 37. fxe5 dxe5 38. Rd5 Nf6 39. Rxe5 Qc6+ 40. Kg1 Qd6 41.
Qxd6 Rxd6 42. g5 Nd7 43. Re6+ 1-0

[Event "International Championship of Central Serbia 2015 - OPEN A"]
[Site "Paracin"]
[Date "2015.07.08"]
[Round "7.27"]
[White "Vucinic, Gojko"]
[Black "Todorovic, Nenad I"]
[Result "0-1"]
[WhiteElo "2328"]
[BlackElo "2252"]
[PlyCount "141"]
[EventDate "2015.07.03"]

1. e4 c5 2. Nf3 d6 3. Bb5+ Nc6 4. O-O Bd7 5. Re1 Nf6 6. h3 Ne5 7. a4 a6 8. Bf1
Nxf3+ 9. Qxf3 g6 10. e5 Bc6 11. Qg3 dxe5 12. Qxe5 Qd4 13. Na3 Qxe5 14. Rxe5 Nd5
15. a5 Bg7 16. Re4 O-O 17. Rc4 Nc7 18. Rxc5 Ne6 19. Rc4 Nd4 20. d3 Bd5 21. Rb4
Rac8 22. c4 Bc6 23. Be3 Rfd8 24. Rc1 e5 25. c5 Bd5 26. Bxd4 exd4 27. Nb1 Bf8
28. Rxd4 Bxc5 29. Rxc5 Rxc5 30. Nc3 Kg7 31. Be2 Re8 32. Kh2 Bc6 33. Bd1 Rxa5
34. Bb3 Rf5 35. f3 Re7 36. Bc2 Rd7 37. Rb4 b5 38. d4 Rf6 39. Ne4 Bxe4 40. Bxe4
Rfd6 41. Rb3 Rxd4 42. Ra3 Ra4 43. Rc3 Ra2 44. b3 Rdd2 45. f4 Rd4 46. Re3 f5 47.
Bb7 Rxf4 48. Re7+ Kf6 49. Rxh7 Ra3 50. Rc7 Rxb3 51. Rc6+ Ke5 52. Bxa6 g5 53.
Rc5+ Kd4 54. Rxb5 Rxb5 55. Bxb5 Ke3 56. Kg3 Rb4 57. Bc6 Rb3 58. Bd7 Ke4+ 59.
Kf2 Kf4 60. g3+ Rxg3 61. Bxf5 Rb3 62. Bg4 Rb2+ 63. Be2 Rc2 64. Kf1 Kg3 65. Bg4
Rc1+ 66. Ke2 Rh1 67. Bd7 Rxh3 68. Bxh3 Kxh3 69. Kf2 g4 70. Kg1 Kg3 71. Kf1 0-1

[Event "International Championship of Central Serbia 2015 - OPEN A"]
[Site "Paracin"]
[Date "2015.07.08"]
[Round "7.28"]
[White "Besedes, Danilo"]
[Black "Sorgic, Dragan"]
[Result "1/2-1/2"]
[WhiteElo "2307"]
[BlackElo "2234"]
[PlyCount "108"]
[EventDate "2015.07.03"]

1. b3 d6 2. Bb2 Nd7 3. d4 Ngf6 4. e3 g6 5. Nc3 Bg7 6. Qd2 O-O 7. h4 e5 8. O-O-O
Re8 9. Kb1 exd4 10. exd4 d5 11. h5 c6 12. hxg6 hxg6 13. Bd3 Nf8 14. f3 Qe7 15.
Nge2 b5 16. Qe1 a5 17. Qh4 N6h7 18. Qh2 a4 19. Nf4 Qf6 20. Ncxd5 cxd5 21. Nxd5
Qd8 22. Nc7 Bd7 23. Nxa8 Qxa8 24. Rde1 axb3 25. axb3 Rxe1+ 26. Rxe1 Nf6 27. Qd6
Nd5 28. c3 Bc6 29. Be4 Bh6 30. Qh2 Bg7 31. Qd6 f5 32. Bxd5+ Bxd5 33. Qb4 Qc6
34. Rc1 Nd7 35. c4 bxc4 36. bxc4 Bf7 37. d5 Qc7 38. Bxg7 Kxg7 39. Qc3+ Nf6 40.
Qd4 Qa5 41. g4 fxg4 42. fxg4 g5 43. Rf1 Bg6+ 44. Kc1 Qa3+ 45. Kd2 Qa2+ 46. Ke1
Qb1+ 47. Kf2 Qb8 48. d6 Qxd6 49. Qxd6 Ne4+ 50. Ke3 Nxd6 51. Kd4 Be8 52. Kd5 Nf7
53. c5 Bd7 54. Rg1 Kf6 1/2-1/2

[Event "International Championship of Central Serbia 2015 - OPEN A"]
[Site "Paracin"]
[Date "2015.07.08"]
[Round "7.29"]
[White "Gavrilescu, David"]
[Black "Djokic, Nebojsa"]
[Result "1/2-1/2"]
[WhiteElo "2282"]
[BlackElo "2224"]
[PlyCount "87"]
[EventDate "2015.07.03"]

1. d4 g6 2. e4 Bg7 3. Nc3 c5 4. dxc5 Qa5 5. Nge2 Qxc5 6. Be3 Qa5 7. Qd2 Nc6 8.
f3 Nf6 9. Bh6 Bxh6 10. Qxh6 d6 11. Qd2 O-O 12. h4 h5 13. Nf4 Ne5 14. O-O-O Be6
15. Nxe6 fxe6 16. Qg5 Kg7 17. Be2 Nc6 18. Qe3 Rac8 19. Kb1 Ne5 20. Rdg1 Nc4 21.
Bxc4 Rxc4 22. g4 Qc5 23. Qd2 hxg4 24. h5 gxh5 25. fxg4 hxg4 26. Qf4 Kf7 27.
Rxg4 Ke8 28. Rf1 Kd7 29. Rg7 Nh7 30. Qc1 Nf6 31. Qh6 Qd4 32. Qg5 Rc5 33. Qg2
Nxe4 34. Rxf8 Nxc3+ 35. bxc3 Rb5+ 36. Kc1 Qe3+ 37. Qd2 Rb1+ 38. Kxb1 Qxd2 39.
Rff7 Qe1+ 40. Kb2 Qh4 41. Rh7 Qg5 42. Rhg7 Qh4 43. Rh7 Qg5 44. Rhg7 1/2-1/2

[Event "International Championship of Central Serbia 2015 - OPEN A"]
[Site "Paracin"]
[Date "2015.07.08"]
[Round "7.30"]
[White "Gajic, Mladen"]
[Black "Cvetanovic, Uros"]
[Result "1-0"]
[WhiteElo "2227"]
[BlackElo "2264"]
[PlyCount "155"]
[EventDate "2015.07.03"]

1. b3 e5 2. Bb2 Nc6 3. e3 Nf6 4. d3 d5 5. h3 Bd6 6. Nd2 O-O 7. Ne2 Be6 8. g3
Qd7 9. Bg2 Rfe8 10. a3 Ne7 11. c4 c6 12. Qc2 c5 13. cxd5 Bxd5 14. Ne4 Bxe4 15.
dxe4 Rac8 16. O-O b5 17. Rfd1 Qc6 18. a4 a6 19. axb5 axb5 20. Nc3 Bb8 21. Ra5
b4 22. Na4 Bd6 23. Qd3 Red8 24. Ra6 c4 25. Rxc6 cxd3 26. Rxc8 Nxc8 27. Rxd3 Nd7
28. Bf1 Kf8 29. Be2 Ke7 30. Bd1 Ncb6 31. Nxb6 Nxb6 32. Kf1 Ra8 33. Ke2 Ra2 34.
Rd2 Nd7 35. Bc1 Ra1 36. Bb2 Ra2 37. f3 Nc5 38. Bc3 Rxd2+ 39. Bxd2 Nd7 40. Kd3
Nb6 41. f4 f6 42. Bg4 Bc5 43. Bf5 g6 44. Bg4 Bd6 45. h4 h6 46. Ke2 Kf7 47. Kf2
Ke7 48. Kg2 Na8 49. Be2 Nb6 50. Bb5 Bc5 51. Kh3 Nc8 52. Bc6 Nd6 53. Kg4 Kf7 54.
Bc1 Nc8 55. Bd5+ Kg7 56. Bb2 Bd6 57. Be6 Nb6 58. h5 Na8 59. Bd7 Nc7 60. Bc1 Kf7
61. Bc6 Kg7 62. Bd2 Bc5 63. Kf3 Bd6 64. Be1 Bc5 65. Ke2 Kf7 66. Kd3 Ke6 67. Bd2
g5 68. f5+ Kd6 69. Ba4 Ke7 70. Kc4 Kd6 71. Bb5 Na8 72. Be8 Nc7 73. Bg6 Kc6 74.
Be8+ Kb6 75. Ba4 Na6 76. Bd7 Nc7 77. Bxb4 Bxe3 78. Be7 1-0

[Event "International Championship of Central Serbia 2015 - OPEN A"]
[Site "Paracin"]
[Date "2015.07.08"]
[Round "7.31"]
[White "Malekian, Babak"]
[Black "Zarkovic, Mila"]
[Result "1/2-1/2"]
[WhiteElo "2262"]
[BlackElo "2209"]
[PlyCount "48"]
[EventDate "2015.07.03"]

1. Nf3 Nf6 2. c4 e6 3. g3 b6 4. Bg2 Bb7 5. O-O Be7 6. Nc3 O-O 7. Qc2 c5 8. e4
d6 9. d4 cxd4 10. Nxd4 Qc7 11. b3 a6 12. Bb2 Nbd7 13. Rad1 Rac8 14. Qb1 Qb8 15.
Rfe1 Rfe8 16. Re2 Bf8 17. Kh1 Nc5 18. f3 Ba8 19. Red2 Bb7 20. Nc2 Red8 21. Ne3
Be7 22. Qa1 Bc6 23. Qb1 Qa8 24. Qa1 Qb8 1/2-1/2

[Event "International Championship of Central Serbia 2015 - OPEN A"]
[Site "Paracin"]
[Date "2015.07.08"]
[Round "7.32"]
[White "Rajkovic, Mladen"]
[Black "Ozalp, Burak"]
[Result "1/2-1/2"]
[WhiteElo "2259"]
[BlackElo "2113"]
[Annotator "Natasa"]
[PlyCount "83"]
[EventDate "2015.07.03"]

1. e4 c5 2. Nf3 e6 3. c4 Nc6 4. Nc3 Nd4 5. Nxd4 cxd4 6. Ne2 e5 7. g3 Rb8 8. f4
Nf6 9. Bg2 Bc5 10. fxe5 Ng4 11. Nf4 d6 12. e6 Ne5 13. exf7+ Nxf7 14. b4 Bb6 15.
d3 O-O 16. O-O Ne5 17. h3 Bd7 18. Kh2 a5 19. a3 Ba7 20. Qb3 Kh8 21. b5 g5 22.
Nd5 Rxf1 23. Bxf1 Qf8 24. Bxg5 Nf3+ 25. Kh1 Nxg5 26. b6 Bxh3 27. Bxh3 Nxh3 28.
Qb2 Bxb6 29. Nxb6 Qf3+ 30. Kh2 Qf2+ 31. Qxf2 Nxf2 32. Kg2 Ng4 33. Rb1 Ne3+ 34.
Kh2 Rf8 35. Nd7 Rf2+ 36. Kh3 Rf1 37. Rxf1 Nxf1 38. Nb6 Nd2 39. Nc8 Nxc4 40. Kh4
Nxa3 41. Nxd6 Nc2 42. e5 {unreadable} 1/2-1/2

[Event "International Championship of Central Serbia 2015 - OPEN A"]
[Site "Paracin"]
[Date "2015.07.08"]
[Round "7.33"]
[White "¬, Sasa T"]
[Black "Persson, Andreas"]
[Result "1-0"]
[WhiteElo "2211"]
[BlackElo "2258"]
[Annotator "Natasa"]
[PlyCount "81"]
[EventDate "2015.07.03"]

1. d4 Nf6 2. c4 c5 3. d5 b5 4. Qc2 bxc4 5. e4 d6 6. Bxc4 g6 7. Nf3 Bg7 8. O-O
O-O 9. h3 Ba6 10. Na3 Nfd7 11. Rb1 Nb6 12. b3 Nxc4 13. Nxc4 Nd7 14. Bd2 Rb8 15.
Rfe1 Bb7 16. Bc3 Nf6 17. Rbd1 Qc7 18. Qc1 Rfe8 19. Qa1 Qc8 20. Nxd6 exd6 21.
Bxf6 Bxf6 22. Qxf6 Qd8 23. Qc3 f6 24. Nh2 Bc8 25. Re3 Rb4 26. Rde1 g5 27. Nf3
Qe7 28. a3 Rb7 29. b4 cxb4 30. axb4 Bd7 31. Ra1 Rc8 32. Qd4 Be8 33. Rea3 Rcc7
34. h4 h6 35. hxg5 hxg5 36. Nd2 Bb5 37. Rf3 Kg7 38. Re1 Kg6 39. e5 dxe5 40.
Qe4+ Kg7 41. Rh3 {unreadable} 1-0

[Event "International Championship of Central Serbia 2015 - OPEN A"]
[Site "Paracin"]
[Date "2015.07.08"]
[Round "7.34"]
[White "Dogan, Nazmi Can"]
[Black "Radovic, Janko"]
[Result "1/2-1/2"]
[WhiteElo "2182"]
[BlackElo "2256"]
[PlyCount "40"]
[EventDate "2015.07.03"]

1. e4 c5 2. Nf3 d6 3. d4 cxd4 4. Nxd4 Nf6 5. Nc3 a6 6. Bg5 e6 7. f4 h6 8. Bh4
Qb6 9. Qd2 Qxb2 10. Rb1 Qa3 11. e5 dxe5 12. fxe5 Nfd7 13. Ne4 Qxa2 14. Rd1 Qd5
15. Qe3 Qxe5 16. Be2 Nc6 17. Nxc6 bxc6 18. Kf1 Be7 19. Bxe7 Kxe7 20. Qa3+ c5
1/2-1/2

[Event "International Championship of Central Serbia 2015 - OPEN A"]
[Site "Paracin"]
[Date "2015.07.08"]
[Round "7.35"]
[White "Todorovic, Bojan"]
[Black "Kuzmanovic, Slobodan"]
[Result "1/2-1/2"]
[WhiteElo "2361"]
[BlackElo "2173"]
[PlyCount "62"]
[EventDate "2015.07.03"]

1. Nf3 Nf6 2. b3 g6 3. Bb2 Bg7 4. g3 b6 5. Bg2 Bb7 6. O-O c5 7. c4 O-O 8. Nc3
Nc6 9. e3 Rc8 10. d4 cxd4 11. Nxd4 d6 12. Rc1 Qd7 13. Nxc6 Bxc6 14. Bxc6 Qxc6
15. Nd5 Nxd5 16. cxd5 Qd7 17. Bxg7 Kxg7 18. Qd4+ Kg8 19. Qe4 Rc5 20. b4 f5 21.
Qd4 Rxc1 22. Rxc1 Rc8 23. Rc4 Rxc4 24. Qxc4 Qa4 25. Kg2 Qd1 26. h3 Qb1 27. g4
fxg4 28. hxg4 Qd1 29. Qc8+ Kg7 30. Qe6 Kf8 31. Qc8+ Kg7 1/2-1/2

[Event "International Championship of Central Serbia 2015 - OPEN A"]
[Site "Paracin"]
[Date "2015.07.08"]
[Round "7.36"]
[White "Tscharotschkin, Michael"]
[Black "Mladenovic, Stefan"]
[Result "1/2-1/2"]
[WhiteElo "2182"]
[BlackElo "2341"]
[PlyCount "71"]
[EventDate "2015.07.03"]

1. d4 Nf6 2. Nf3 e6 3. Bf4 c5 4. e3 b6 5. c3 Bb7 6. Nbd2 cxd4 7. exd4 Be7 8.
Bd3 O-O 9. O-O d6 10. Re1 Nbd7 11. Qe2 Re8 12. Ng5 Nf8 13. Ndf3 Nd5 14. Bd2 h6
15. Ne4 Ng6 16. Bb5 Rf8 17. Ba6 Ndf4 18. Qb5 Qc8 19. Bxb7 Qxb7 20. Bxf4 Nxf4
21. Rad1 g5 22. d5 a6 23. Qb3 g4 24. Nd4 Nxd5 25. c4 Nf6 26. Nxf6+ Bxf6 27. Qg3
Be5 28. Qxg4+ Kh7 29. Qe4+ Qxe4 30. Rxe4 b5 31. cxb5 axb5 32. Nxb5 Rxa2 33. g3
Ra5 34. Nxd6 Bxb2 35. Rf4 Kg6 36. Nc4 1/2-1/2

[Event "International Championship of Central Serbia 2015 - OPEN A"]
[Site "Paracin"]
[Date "2015.07.08"]
[Round "7.37"]
[White "Radovic, Luka"]
[Black "Dimitrijevic, Dusan"]
[Result "1-0"]
[WhiteElo "2290"]
[BlackElo "2115"]
[PlyCount "73"]
[EventDate "2015.07.03"]

1. Nf3 c5 2. g3 g6 3. Bg2 Bg7 4. e4 Nc6 5. O-O e6 6. Re1 Nge7 7. c3 O-O 8. d3
b5 9. Be3 d6 10. d4 cxd4 11. Nxd4 Rb8 12. Qd2 Ne5 13. Na3 Bd7 14. Bh6 Qb6 15.
Bxg7 Kxg7 16. Rad1 Nc4 17. Nxc4 bxc4 18. Nf3 Ba4 19. Rb1 Rfd8 20. b3 cxb3 21.
axb3 Bc6 22. c4 a5 23. Qc3+ Kg8 24. Qf6 Qc7 25. Ng5 Be8 26. Bh3 h6 27. Nxe6
fxe6 28. Bxe6+ Kh7 29. e5 dxe5 30. Rxe5 Nc6 31. Re3 Qg7 32. Qf4 Bd7 33. Rbe1
Rb7 34. Bd5 Ra7 35. Qd6 Be8 36. Qc5 Qd7 37. Bxc6 1-0

[Event "International Championship of Central Serbia 2015 - OPEN A"]
[Site "Paracin"]
[Date "2015.07.08"]
[Round "7.38"]
[White "Arsic, Djordje"]
[Black "Breivik, Lars"]
[Result "1/2-1/2"]
[WhiteElo "2153"]
[BlackElo "2247"]
[PlyCount "54"]
[EventDate "2015.07.03"]

1. e4 b6 2. Nc3 Bb7 3. g3 e6 4. Bg2 f5 5. d3 Nf6 6. Nge2 Bc5 7. O-O fxe4 8.
Nxe4 Nxe4 9. dxe4 Nc6 10. Nf4 Qe7 11. Nd5 exd5 12. exd5 O-O 13. dxc6 dxc6 14.
Bf4 Rad8 15. Qh5 Rde8 16. c4 Qe2 17. Qxe2 Rxe2 18. b3 g5 19. Bxg5 Rfxf2 20.
Rxf2 Rxf2 21. Kh1 Bd4 22. Rd1 Rxa2 23. h4 Be5 24. Rd8+ Kf7 25. Rd7+ Kf8 26.
Rd8+ Kf7 27. Rd7+ Kf8 1/2-1/2

[Event "International Championship of Central Serbia 2015 - OPEN A"]
[Site "Paracin"]
[Date "2015.07.08"]
[Round "7.39"]
[White "Popovic, Aleksandar M"]
[Black "Persson, Richard"]
[Result "1-0"]
[WhiteElo "2246"]
[BlackElo "2158"]
[PlyCount "51"]
[EventDate "2015.07.03"]

1. e4 e6 2. d3 d5 3. Nd2 c5 4. g3 Nc6 5. Bg2 Nf6 6. Ngf3 Qc7 7. O-O Be7 8. Re1
O-O 9. c3 b5 10. Qe2 a5 11. a4 Ba6 12. e5 Nd7 13. axb5 Bxb5 14. c4 dxc4 15.
dxc4 Ba6 16. b3 Rab8 17. Bb2 Nb6 18. Bc3 Nd5 19. Bb2 Nb6 20. Ne4 Rfd8 21. Nf6+
gxf6 22. exf6 Bd6 23. Ng5 Kf8 24. Qh5 Nd4 25. Bxd4 cxd4 26. Rxe6 1-0

[Event "International Championship of Central Serbia 2015 - OPEN A"]
[Site "Paracin"]
[Date "2015.07.08"]
[Round "7.40"]
[White "Furman, Boris"]
[Black "Zlatanovic, Zoran"]
[Result "1/2-1/2"]
[WhiteElo "2239"]
[BlackElo "2123"]
[PlyCount "76"]
[EventDate "2015.07.03"]

1. d4 Nf6 2. c4 e6 3. Nc3 Bb4 4. Nf3 b6 5. Bg5 Bxc3+ 6. bxc3 h6 7. Bh4 d6 8. e3
Nbd7 9. Bd3 Bb7 10. O-O Qe7 11. Nd2 e5 12. e4 g5 13. Bg3 Nf8 14. f3 Nh5 15. Bf2
Nf4 16. Bc2 N8e6 17. Re1 c5 18. d5 Ng7 19. Nf1 O-O 20. Ne3 Bc8 21. a4 a5 22.
Rb1 Rb8 23. Rb2 Bd7 24. Qd2 Rb7 25. Rc1 Rfb8 26. Kh1 Kf8 27. g3 Nh3 28. Be1 h5
29. Qe2 Qe8 30. Kg2 Qc8 31. Bd2 f6 32. Rf1 Ke7 33. Qd3 Nf4+ 34. gxf4 Bh3+ 35.
Kg1 Bxf1 36. Qxf1 gxf4 37. Nd1 Qd7 38. Nf2 Rg8 1/2-1/2

[Event "International Championship of Central Serbia 2015 - OPEN A"]
[Site "Paracin"]
[Date "2015.07.08"]
[Round "7.41"]
[White "Kett, Tim"]
[Black "Verendel, Jan"]
[Result "1-0"]
[WhiteElo "2219"]
[BlackElo "1964"]
[PlyCount "55"]
[EventDate "2015.07.03"]

1. d4 Nf6 2. Nc3 c5 3. d5 g6 4. e4 d6 5. f4 Bg7 6. Bb5+ Nfd7 7. Bd3 e5 8. dxe6
fxe6 9. Nf3 a6 10. O-O Nc6 11. Ng5 Qe7 12. f5 Nde5 13. fxe6 Bxe6 14. Nd5 Bxd5
15. exd5 Nb4 16. Ne6 Nbxd3 17. Bg5 Nxb2 18. Qe2 Qd7 19. Nxg7+ Qxg7 20. Bf6 Qc7
21. Bxh8 Nbc4 22. Bf6 Kd7 23. Rf4 b5 24. Raf1 Kc8 25. a4 Kb7 26. axb5 axb5 27.
Bxe5 Nxe5 28. Qxb5+ 1-0

[Event "International Championship of Central Serbia 2015 - OPEN A"]
[Site "Paracin"]
[Date "2015.07.08"]
[Round "7.42"]
[White "Velikic, Adela"]
[Black "Dimitrijevic, Nenad"]
[Result "1-0"]
[WhiteElo "2128"]
[BlackElo "2216"]
[PlyCount "74"]
[EventDate "2015.07.03"]

1. e4 c5 2. Nf3 Nc6 3. d4 cxd4 4. Nxd4 g6 5. c4 Bg7 6. Be3 Nf6 7. Nc3 O-O 8.
Be2 d6 9. O-O Bd7 10. h3 Nxd4 11. Bxd4 Bc6 12. Qd3 a5 13. Rac1 Nd7 14. Bxg7
Kxg7 15. Qd4+ Kg8 16. Bg4 Qb6 17. Qd2 Ne5 18. Be2 f5 19. Nd5 Bxd5 20. c5 Qc6
21. exd5 Qa4 22. c6 f4 23. b3 Qa3 24. cxb7 Rab8 25. Ba6 Qb4 26. Qxb4 axb4 27.
Rc7 Kf7 28. Rfc1 Rfd8 29. Bb5 Rf8 30. Re1 f3 31. g3 Kf6 32. Re4 g5 33. Rxb4 e6
34. a4 exd5 35. a5 Rxb7 36. Rxb7 Rc8 37. Rd4 Rc1+ 1-0

[Event "International Championship of Central Serbia 2015 - OPEN A"]
[Site "Paracin"]
[Date "2015.07.08"]
[Round "7.43"]
[White "Vasova, Maria"]
[Black "Mikanovic, Sandro"]
[Result "0-1"]
[WhiteElo "2022"]
[BlackElo "2212"]
[PlyCount "84"]
[EventDate "2015.07.03"]

1. e4 c6 2. d4 d5 3. e5 Bf5 4. Nc3 e6 5. g4 Bg6 6. Nge2 Ne7 7. Nf4 c5 8. dxc5
Nec6 9. Bg2 Bxc5 10. h4 Nb4 11. Nxg6 hxg6 12. g5 Nd7 13. Bf4 Nc6 14. Qe2 Nd4
15. Qd3 Qa5 16. O-O-O O-O-O 17. Kb1 Nf5 18. Bg3 Bb4 19. Ne2 Nc5 20. Qf3 Ne4 21.
c3 Bc5 22. Rh2 Qb6 23. Bh3 Ba3 24. b3 Kb8 25. Bxf5 gxf5 26. Bf4 Bc5 27. Be3
Bxe3 28. fxe3 Rc8 29. Rd3 Qa6 30. Rd4 Nxc3+ 31. Nxc3 Rxc3 32. Kb2 Qc6 33. Rdd2
g6 34. h5 gxh5 35. Rxh5 Rc8 36. Rh7 Rc2+ 37. Rxc2 Qxc2+ 38. Ka3 Qc1+ 39. Ka4
b5+ 40. Kb4 Qc3+ 41. Ka3 Rc6 42. Rh8+ Kb7 0-1

[Event "International Championship of Central Serbia 2015 - OPEN A"]
[Site "Paracin"]
[Date "2015.07.08"]
[Round "7.44"]
[White "Lekic, Lazar"]
[Black "Radeva, Viktoria"]
[Result "0-1"]
[WhiteElo "2235"]
[BlackElo "2042"]
[PlyCount "100"]
[EventDate "2015.07.03"]

1. e4 c6 2. d4 d5 3. e5 c5 4. dxc5 e6 5. a3 Nc6 6. Nf3 Bxc5 7. b4 Bb6 8. Bd3 f6
9. Bb2 fxe5 10. Nxe5 Qg5 11. Nxc6 Qxg2 12. Rf1 bxc6 13. Qh5+ Ke7 14. Nd2 Nf6
15. Qh4 h5 16. Qf4 Qg4 17. Qe5 Nd7 18. Qc3 Bb7 19. Be2 Qg6 20. O-O-O e5 21. f4
Bd4 22. Qb3 Bxb2+ 23. Qxb2 Qf6 24. Rg1 Rag8 25. fxe5 Qxe5 26. Qb3 Kd8 27. Rde1
Re8 28. Kb1 Qf4 29. Nf3 Re3 30. Qa4 Rhe8 31. Qxa7 Rxe2 32. Qxb7 Qxf3 33. Qa8+
Kc7 34. Qxe8 Rxe8 35. Rxe8 Qxa3 36. Rxg7 Qxb4+ 37. Kc1 Qf4+ 38. Kb1 Qf1+ 39.
Ka2 Qf4 40. Kb1 Qb4+ 41. Kc1 Qf4+ 42. Kb1 Qxh2 43. Rh7 h4 44. Reh8 Qg1+ 45. Kb2
Qd4+ 46. Kc1 Qe3+ 47. Kb2 d4 48. Rxh4 Qc3+ 49. Kb1 Ne5 50. Rh1 Nc4 0-1

[Event "International Championship of Central Serbia 2015 - OPEN A"]
[Site "Paracin"]
[Date "2015.07.08"]
[Round "7.45"]
[White "Aleksic, Neven"]
[Black "Vajic, Goran"]
[Result "1/2-1/2"]
[WhiteElo "2068"]
[BlackElo "2372"]
[PlyCount "75"]
[EventDate "2015.07.03"]

1. d4 f5 2. Nc3 d5 3. Bf4 c6 4. e3 e6 5. Bd3 Nf6 6. Nf3 Be7 7. O-O O-O 8. Ne2
Nbd7 9. c4 Ne4 10. Bxe4 fxe4 11. Ne5 Nxe5 12. Bxe5 Bf6 13. Bxf6 Qxf6 14. f4 Bd7
15. c5 Kh8 16. b4 Rg8 17. Ng3 Raf8 18. Qh5 Be8 19. Qe5 a6 20. a4 Qh6 21. Kh1
Rf6 22. f5 Qg5 23. Rf4 exf5 24. Nxf5 Bd7 25. h4 Qh5 26. g4 Qe8 27. Nd6 Qe6 28.
Raf1 Rgf8 29. Qxe6 Bxe6 30. Nxb7 Rxf4 31. Rxf4 Rxf4 32. exf4 Bxg4 33. Na5 Bd7
34. Kg1 g6 35. Kf2 Kg7 36. Nb3 Kh6 37. Kg3 Kh5 38. Nd2 1/2-1/2

[Event "International Championship of Central Serbia 2015 - OPEN A"]
[Site "Paracin"]
[Date "2015.07.08"]
[Round "7.46"]
[White "Martic, Zlatko"]
[Black "Sahin, Ozgun"]
[Result "1-0"]
[WhiteElo "2299"]
[BlackElo "2106"]
[PlyCount "95"]
[EventDate "2015.07.03"]

1. d4 d5 2. Nf3 Nf6 3. c4 c6 4. e3 e6 5. Nc3 Nbd7 6. Bd3 Bd6 7. O-O dxc4 8.
Bxc4 b5 9. Bd3 a6 10. e4 e5 11. dxe5 Nxe5 12. Nxe5 Bxe5 13. Bg5 h6 14. Bh4 Qc7
15. Bg3 Bxg3 16. hxg3 O-O 17. Qe2 Qe5 18. Nd1 Bg4 19. f3 Qxg3 20. e5 Rae8 21.
Qf2 Qxe5 22. fxg4 Nxg4 23. Qf4 Qxf4 24. Rxf4 Nf6 25. a4 Rd8 26. Nf2 Nd5 27. Rh4
f5 28. Rc1 Rf6 29. Rd4 Re8 30. axb5 axb5 31. Bxb5 Ne7 32. Bc4+ Kf8 33. Nd3 Nc8
34. Nc5 Rd6 35. Rxd6 Nxd6 36. Ne6+ Ke7 37. Nxg7 Rb8 38. b3 Kf6 39. Nh5+ Kg5 40.
Ng3 Kf4 41. Kf2 c5 42. Ne2+ Ke5 43. Rd1 Ne4+ 44. Kf3 Kf6 45. Kf4 Rb7 46. Rd5
Re7 47. Rxf5+ Kg7 48. Re5 1-0

[Event "International Championship of Central S"]
[Site "Paracin"]
[Date "2015.07.08"]
[Round "7.47"]
[White "Stojkovska, Monika"]
[Black "Tisma, Ivan"]
[Result "1-0"]
[WhiteElo "2061"]
[BlackElo "2206"]
[PlyCount "79"]
[EventDate "2015.07.03"]
[Source "Perpetual Check"]

1. e4 c5 2. Nf3 d6 3. d4 cxd4 4. Nxd4 Nf6 5. Nc3 a6 6. Be3 e5 7. Nb3 Be7 8. f3
Be6 9. Qd2 O-O 10. O-O-O a5 11. Bb5 Na6 12. Qf2 Nc7 13. Be2 Qb8 14. g4 a4 15.
Nd2 b5 16. g5 Nd7 17. Ndb1 b4 18. Nd5 Bxd5 19. exd5 Ra5 20. Bc4 f5 21. f4 exf4
22. Qxf4 Nb6 23. Bxb6 Qxb6 24. Rhe1 Bd8 25. h4 Rc5 26. a3 Ne8 27. axb4 Qxb4 28.
Na3 g6 29. Re2 Ng7 30. c3 Qb8 31. Bd3 Nh5 32. Qxa4 Ra5 33. Qc4 f4 34. Qc6 Bb6
35. Re7 Be3+ 36. Kc2 Rc5 37. Qd7 Qa8 38. Rxh7 Rxc3+ 39. bxc3 Qxa3 40. Qe6+ 1-0

[Event "International Championship of Central S"]
[Site "Paracin"]
[Date "2015.07.08"]
[Round "7.48"]
[White "Egorova, Ayyyna"]
[Black "Henriksen, Geir"]
[Result "0-1"]
[WhiteElo "1901"]
[BlackElo "2192"]
[PlyCount "104"]
[EventDate "2015.07.03"]
[Source "Perpetual Check"]

1. e4 c5 2. Nf3 e6 3. c4 Nc6 4. Nc3 Nf6 5. Be2 Be7 6. O-O O-O 7. d4 cxd4 8.
Nxd4 d6 9. Be3 a6 10. f3 Qc7 11. Qd2 Rd8 12. Rfc1 Nxd4 13. Bxd4 Bd7 14. Qe3
Rdc8 15. Bb6 Qb8 16. b4 Be8 17. a4 Nd7 18. a5 Nxb6 19. axb6 Rd8 20. b5 axb5 21.
Ra7 Qc8 22. Nxb5 Rb8 23. Nc7 Bc6 24. Nd5 Bf8 25. Qg5 h6 26. Ne7+ Kh8 27. Qh4
Qd7 28. Nd5 exd5 29. exd5 Qe8 30. Re1 Qe3+ 31. Kf1 g5 32. Qg3 Bd7 33. h4 Bf5
34. hxg5 hxg5 35. Bd1 Bd3+ 36. Be2 Re8 37. Ra2 Re5 38. c5 dxc5 39. Rd2 c4 40.
Bxd3 Qxe1+ 41. Qxe1 Rxe1+ 42. Kxe1 cxd3 43. Rxd3 Bd6 44. Kf2 Bc5+ 45. Kg3 Bxb6
46. Kg4 Bd8 47. d6 Bf6 48. f4 gxf4 49. Kxf4 Kg7 50. d7 Bd8 51. g4 Kf8 52. g5
Ke7 0-1

[Event "International Championship of Central S"]
[Site "Paracin"]
[Date "2015.07.08"]
[Round "7.49"]
[White "Kovacevic, Bozidar"]
[Black "Johansson, Thomas"]
[Result "0-1"]
[WhiteElo "2000"]
[BlackElo "2180"]
[PlyCount "108"]
[EventDate "2015.07.03"]
[Source "Perpetual Check"]

1. e4 d5 2. exd5 Qxd5 3. Nc3 Qd6 4. d4 Nf6 5. Nf3 a6 6. g3 Bf5 7. Bg2 Nc6 8. a3
O-O-O 9. Ne2 e5 10. c3 exd4 11. Nfxd4 Ne5 12. O-O c5 13. Qb3 Be4 14. f4 Neg4
15. Bxe4 Nxe4 16. Qc2 Qg6 17. f5 Qh5 18. Nf4 Qxh2+ 19. Qxh2 Nxh2 20. Kxh2 cxd4
21. cxd4 g5 22. fxg6 hxg6+ 23. Kg2 Rxd4 24. Be3 Rd6 25. Rac1+ Kd7 26. Rc4 Nd2
27. Bxd2 Rxd2+ 28. Kf3 Bd6 29. Rf2 Rxf2+ 30. Kxf2 g5 31. Ne2 Rh2+ 32. Ke3 b5
33. Rc2 Bxg3 34. Rd2+ Bd6 35. Rd5 f6 36. Nd4 Kc7 37. Ne2 Kc6 38. Rf5 Be5 39. b3
Rh3+ 40. Ke4 Kd6 41. Rf1 Rxb3 42. Rd1+ Ke6 43. Nd4+ Bxd4 44. Kxd4 Rxa3 45. Re1+
Kf7 46. Rc1 a5 47. Ke4 Kg6 48. Rc8 Ra4+ 49. Kd5 Kf5 50. Rc1 g4 51. Rf1+ Kg5 52.
Ke6 Re4+ 53. Kd5 Rf4 54. Rh1 a4 0-1